Countries Breakdown-Generator Puzzle - Statistics

General Stats
  • This quiz has been taken 441 times
  • The average score is 15 of 30
Answer Stats
Answer % Correct
ON
91%
ROAD
87%
IN
86%
US
84%
MA
82%
NEAR
82%
AIR
75%
RAN
75%
BAN
68%
SAND
64%
RUB
56%
ANDORRA
53%
HOUR
51%
GIANT
50%
SEA
49%
BURMA
48%
HAIR
46%
HONDURAS
39%
ARGENTINA
37%
MOAN
36%
BAHRAIN
33%
GALA
32%
ROMANIA
30%
ANGOLA
29%
INDIA
28%
AID
26%
MARINE
22%
SURINAME
17%
RIB
11%
SERBIA
8%
No matching quizzes found
Score Distribution
Percent of People with Each Score
Percentile by Number Answered
Your Score History
You have not taken this quiz